Schnelle Mathematik - Multiplikation zur Basis 6 Level 05 - Statistiken

Allgemein
  • Dieses Quiz wurde 46 mal gespielt
  • Das Durchschnittsergebnis liegt bei 11 aus 20
Antwortstatistiken
Frage Antwort % Korrekt
0⋅11 0
100%
1⋅0 0
100%
4⋅0 0
100%
10⋅11 110
100%
1⋅2 2
100%
2⋅11 22
100%
11⋅2 22
100%
1⋅4 4
100%
3⋅0 0
86%
10⋅2 20
83%
3⋅1 3
83%
0⋅1 0
80%
5⋅0 0
80%
10⋅1 10
80%
11⋅1 11
80%
2⋅10 20
80%
11⋅4 44
80%
11⋅10 110
75%
4⋅10 40
75%
4⋅11 44
75%
5⋅11 55
75%
10⋅3 30
71%
0⋅2 0
67%
0⋅3 0
67%
2⋅0 0
67%
1⋅1 1
67%
1⋅10 10
67%
11⋅11 121
67%
1⋅3 3
67%
3⋅10 30
67%
2⋅2 4
67%
4⋅1 4
67%
10⋅4 40
67%
5⋅1 5
67%
1⋅5 5
63%
0⋅4 0
60%
5⋅10 50
60%
1⋅11 11
57%
0⋅5 0
50%
0⋅10 0
50%
2⋅5 14
50%
2⋅1 2
50%
3⋅11 33
50%
0⋅0 0
40%
10⋅5 50
40%
10⋅0 0
33%
3⋅3 13
33%
5⋅2 14
33%
3⋅4 20
33%
3⋅2 10
25%
2⋅3 10
20%
5⋅5 41
14%
11⋅0 0
0%
10⋅10 100
0%
2⋅4 12
0%
4⋅2 12
0%
4⋅3 20
0%
3⋅5 23
0%
5⋅3 23
0%
4⋅4 24
0%
4⋅5 32
0%
5⋅4 32
0%
11⋅3 33
0%
11⋅5 55
0%
Keine übereinstimmenden Quizze gefunden
Verteilung der Resultate
Anzahl Personen mit jedem Resultat
Perzentil nach korrekt beantworteten Fragen
Ihre Resultats-Entwicklung
Sie haben dieses Quiz noch nicht gespielt